000 00450nam a2200181Ia 4500
003 GCL
008 140319s9999 xx 000 0 ara d
040 _aGCL /
_cGCL
082 0 4 _a973.918
_bه ا
100 1 _aهاول
245 1 0 _aامريكا /
_cهاول
700 1 _aجون مورتى
300 _a159
490 _aكتاب
_v0
650 0 4 _aتاريخ
650 0 4 _aالولايات المتحدة الامريكية
942 _2ddc
_cBK
999 _c42648
_d42648